000 01080nam a2200217 i 4500
001 170643
003 ES-MaACL
005 20251015063151.0
008 090325s1930 ag |||| | spa d
080 _a821.134.2 (82)-3"18"
100 1 _aAlberdi, Juan Bautista,
_d1810-1884
_919271
245 1 0 _aTobías o La cárcel a la vela
_b: producción americana escrita en los mares del sur /
_cpor Juan Bautista Alberdi ; [noticia por Ricardo Rojas].
260 _aBuenos Aires :
_b[s.n.],
_c1930 (
_fImp. de la Universidad)
300 _a3 h., p. 486-530 ;
_c23 cm.
490 1 _aSección de documentos. Cuarta serie. T. I: Novela / Facultad de Filosofía y Letras de la Universidad de Buenos Aires, Instituto de Literatura Argentina ;
_v11
700 1 _aRojas, Ricardo.
_999058
710 2 _aUniversidad de Buenos Aires.
_bInstituto de Literatura Argentina.
_9139614
830 0 0 _aSección de documentos.
_pCuarta serie.
_pNovela (Instituto de Literatura Argentina)
_v11
_9223060
852 _aES-MaACL
_jC-6632(8)
_z- Enc. en un vol. facticio
999 _c170643
_d170643